Discurso del metodo - Meditaciones Metafísicas (Registro nro. 10176)

Detalles MARC
000 -CABECERA
Longitud fija campo de control 00559nam a2200217 a 4500
003 - • IDENTIFICADOR DELl NÚMERO DE CONTROL
Identificador del número de control CO-ViMGA
005 - • FECHA Y HORA DE LA ÚLTIMA TRANSACCIÓN
Fecha y hora de la última transacción 20250801162556.0
008 - • CÓDIGOS DE INFORMACIÓN DE LONGITUD FIJA
Códigos de información de longitud fija 141112s2004 ck r 000 u spa d
020 ## - • NÚMERO INTERNACIONAL NORMALIZADO PARA LIBROS
Número Internacional Normalizado para Libros (ISBN) 8423919668
040 ## - FUENTE DE LA CATALOGACIÓN
Centro catalogador de origen CO-ViMGA
Lengua de catalogación spa
Centro transcriptor CO-ViMGA
082 04 - • NÚMERO DE LA CLASIFICACIÓN DECIMAL DEWEY
Número de clasificación (R) 194 D372d
100 1# - • PUNTO DE ACCESO PRINCIPAL-NOMBRE DE PERSONA
Nombre de persona Descartes, Rene
245 10 - • TITULO PROPIAMENTE DICHO
Título Discurso del metodo - Meditaciones Metafísicas
300 ## - • DESCRIPCIÓN FÍSICA
Extensión 199.p.
650 14 - • PUNTO DE ACCESO ADICIONAL DE MATERIA - TÉRMINO DE MATERIA
Término de materia o nombre geográfico como elemento inicial METAFISICA
650 14 - • PUNTO DE ACCESO ADICIONAL DE MATERIA - TÉRMINO DE MATERIA
Término de materia o nombre geográfico como elemento inicial METODOLOGIA CIENTIFICA
942 ## - ENTRADA DE ELEMENTOS AGREGADOS (KOHA)
Fuente de clasificaión o esquema Dewey Decimal Classification
Koha [por defecto] tipo de item LIbro
Existencias
Perdido Fuente de clasificación o esquema Estado Físico No para préstamo Forma de adquisición Localización permanente Localización actual Fecha adquisición Serie de enumeración / cronolog&íacute;a Préstamos totales Signatura completa Código de barras Fecha última consulta Número de copia Fecha del precio de reemplazo Tipo de item de Koha Fecha último préstamo
  Dewey Decimal Classification     Sala General Biblioteca Barrio Emporio - Villavicencio Biblioteca Barrio Emporio - Villavicencio 12/04/2015 Volumen. 1 | 11/jun/2009   194 D372d 31990 05/08/2017 Ej. 1 12/04/2015 LIbro  
  Dewey Decimal Classification     Sala General Biblioteca Barrio Porfia - Villavicencio Biblioteca Barrio Porfia - Villavicencio 12/04/2015 Volumen. 1 | 11/jun/2009   194 D372d 96341 06/09/2017 Ej. 1 12/04/2015 LIbro  
  Dewey Decimal Classification     Sala General Segundo Piso Biblioteca Pública Germán Arciniegas - Villavicencio Biblioteca Pública Germán Arciniegas - Villavicencio 12/04/2015 Volumen. 1 | 11/jun/2009 1 194 D372d 9634 06/08/2017 Ej. 1 12/04/2015 LIbro 05/30/2017
  Dewey Decimal Classification     Sala General Segundo Piso Biblioteca Pública Germán Arciniegas - Villavicencio Biblioteca Pública Germán Arciniegas - Villavicencio 12/04/2015 Volumen. 1 | 11/jun/2009   194 D372d 9634 - 1 11/07/2018 Ej. 1 12/04/2015 LIbro  









Instituto Departamental de Cultura del Meta - Red Departamental de Bibliotecas Públicas del Meta.